| 000 | 00782nam a22001937a 4500 | ||
|---|---|---|---|
| 003 | OSt | ||
| 005 | 20240506104258.0 | ||
| 008 | 240408s2015 ag ||||| |||| 00| 1 spa d | ||
| 020 | _a9789871912414 | ||
| 040 | _cbesoc | ||
| 100 | 1 |
_aDíaz, Manuel _d1993- _eautor |
|
| 245 | 1 | 0 |
_aMilton / _cManuel Díaz |
| 260 |
_aRosario : _bEditorial Municipal De Rosario, _c2015 |
||
| 300 | _a52 p. | ||
| 490 | 0 | _aColección juvenil de narrativa | |
| 520 | 0 | _aDurante unas vacaciones en el campo, un chico que se autodefine como obeso y flácido debe sufrir, para complacer a su madre, la compañía de otro chico ágil, flaco y fibroso que lo atormenta con todo tipo de maquinaciones. [Nota del editor] | |
| 650 | 4 |
_aLiteratura argentina _vRelato _ySiglo XXI _xColección juvenil |
|
| 942 |
_2udc _cOG _n0 |
||
| 999 |
_c222 _d222 |
||